[Event "Zabrze Region-ch"]
[Site "Zabrze"]
[Date "2010.12.08"]
[Round "8.1"]
[White "Gwozdzik, Zbigniew"]
[Black "Juroszek, Tadeusz"]
[Result "1/2-1/2"]
[WhiteElo "1885"]
[BlackElo "2366"]
[PlyCount "40"]
[EventDate "2010.12.08"]
[EventType "swiss"]
[EventRounds "9"]
[EventCountry "POL"]
[SourceTitle "EXT 2023"]
[Source "ChessBase"]
[SourceDate "2022.10.05"]
[SourceVersion "1"]
[SourceVersionDate "2022.10.05"]
[SourceQuality "1"]

1. d4 d6 2. c4 Nd7 3. e4 e5 4. Nf3 Ngf6 5. Nc3 Be7 6. Be2 0-0 7. 0-0 c6 8. Qc2 a6 9. a4 a5 10. Rd1 Qc7 11. h3 Re8 12. Be3 exd4 13. Nxd4 Bf8 14. Nb3 b6 15. Rac1 Ba6 16. Qb1 Bb7 17. f3 h6 18. Nd4 Nc5 19. Rc2 g6 20. Bf1 Kh7 1/2-1/2

[Event "POL-chT 1st League"]
[Site "Katowice"]
[Date "2010.09.07"]
[Round "4"]
[White "Juroszek, Tadeusz"]
[Black "Warszawski, Bartosz"]
[Result "1/2-1/2"]
[WhiteElo "2365"]
[BlackElo "2309"]
[PlyCount "61"]
[EventDate "2010.09.04"]
[EventType "team-tourn"]
[EventRounds "9"]
[EventCountry "POL"]
[SourceTitle "EXT 2019"]
[Source "ChessBase"]
[SourceDate "2018.10.10"]
[SourceVersion "1"]
[SourceVersionDate "2018.10.10"]
[SourceQuality "1"]
[WhiteTeam "Gliwice Politechnika Slaska"]
[BlackTeam "Warszawa YMCA"]
[WhiteTeamCountry "POL"]
[BlackTeamCountry "POL"]

1. e4 c5 2. Nf3 e6 3. c3 Nf6 4. e5 Nd5 5. d4 cxd4 6. cxd4 Nc6 7. a3 d6 8. Bd3 Qc7 9. 0-0 dxe5 10. dxe5 Nxe5 11. Nxe5 Qxe5 12. Bb5+ Bd7 13. Bxd7+ Kxd7 14. Re1 Qf5 15. Qb3 Bc5 16. Qxb7+ Kd6 17. Be3 Nxe3 18. Nc3 Rab8 19. Rad1+ Ke5 20. Qc7+ Kf6 21. fxe3 Rhc8 22. Qg3 Ke7 23. b4 Bb6 24. Rf1 Qg6 25. Qd6+ Ke8 26. Ne4 Rd8 27. Qc6+ Kf8 28. Nd6 Kg8 29. Kh1 e5 30. Rd5 h6 31. e4 1/2-1/2

[Event "Lasker Memorial op 18th"]
[Site "Barlinek"]
[Date "2010.07.23"]
[Round "7"]
[White "Sroka, Janusz"]
[Black "Juroszek, Tadeusz"]
[Result "1/2-1/2"]
[WhiteElo "2114"]
[BlackElo "2376"]
[PlyCount "24"]
[EventDate "2010.07.17"]
[EventType "swiss"]
[EventRounds "9"]
[EventCountry "POL"]
[SourceTitle "CBM 137 Extra"]
[Source "ChessBase"]
[SourceDate "2010.09.01"]
[SourceVersion "1"]
[SourceVersionDate "2010.09.01"]
[SourceQuality "1"]

1. e4 c5 2. g3 Nc6 3. Bg2 g6 4. d3 d6 5. f4 Bg7 6. Nf3 e6 7. c3 Nge7 8. 0-0 0-0 9. Be3 b6 10. a4 Qd7 11. Na3 Bb7 12. Bf2 Kh8 1/2-1/2

[Event "Lasker Memorial op 18th"]
[Site "Barlinek"]
[Date "2010.07.22"]
[Round "6"]
[White "Juroszek, Tadeusz"]
[Black "Shishkin, Vadim"]
[Result "1/2-1/2"]
[WhiteElo "2376"]
[BlackElo "2516"]
[PlyCount "34"]
[EventDate "2010.07.17"]
[EventType "swiss"]
[EventRounds "9"]
[EventCountry "POL"]
[SourceTitle "CBM 137 Extra"]
[Source "ChessBase"]
[SourceDate "2010.09.01"]
[SourceVersion "1"]
[SourceVersionDate "2010.09.01"]
[SourceQuality "1"]

1. e4 c5 2. Nf3 Nc6 3. Bb5 g6 4. Bxc6 bxc6 5. 0-0 Bg7 6. Re1 d6 7. e5 dxe5 8. Nxe5 Qd6 9. Nc4 Qc7 10. d3 Nf6 11. Qf3 Bg4 12. Qf4 Qxf4 13. Bxf4 Be6 14. Nbd2 Nd7 15. Ne5 Bxe5 16. Bxe5 0-0 17. b3 Rfe8 1/2-1/2

[Event "Lasker Memorial op 18th"]
[Site "Barlinek"]
[Date "2010.07.20"]
[Round "3"]
[White "Aliavdin, Nikolai"]
[Black "Juroszek, Tadeusz"]
[Result "1/2-1/2"]
[WhiteElo "2370"]
[BlackElo "2376"]
[PlyCount "67"]
[EventDate "2010.07.17"]
[EventType "swiss"]
[EventRounds "9"]
[EventCountry "POL"]
[SourceTitle "CBM 137 Extra"]
[Source "ChessBase"]
[SourceDate "2010.09.01"]
[SourceVersion "1"]
[SourceVersionDate "2010.09.01"]
[SourceQuality "1"]

1. e4 e5 2. Nf3 d6 3. d4 exd4 4. Nxd4 Nf6 5. Nc3 Be7 6. Be2 0-0 7. 0-0 Re8 8. f4 Bf8 9. Bf3 c5 10. Nde2 Nc6 11. h3 Qb6 12. Kh2 Nd4 13. Nxd4 cxd4 14. Ne2 Nxe4 15. Qxd4 Qa6 16. Bxe4 Qxe2 17. Bd3 Qe6 18. Bd2 Bd7 19. Rae1 Qh6 20. Rxe8 Bxe8 21. Be4 Bc6 22. f5 Qh5 23. Bd3 d5 24. Bb4 Bxb4 25. Qxb4 Qg5 26. Qd4 Re8 27. f6 Qe5+ 28. Qxe5 Rxe5 29. fxg7 Kxg7 30. Rf4 f6 31. Kg3 Be8 32. Rb4 b6 33. Kf2 Bg6 34. Rd4 1/2-1/2

[Event "POL-chT 2nd League"]
[Site "Miedzyzdroje"]
[Date "2009.09.14"]
[Round "3"]
[White "Krysztofiak, Marcin"]
[Black "Juroszek, Tadeusz"]
[Result "1-0"]
[WhiteElo "2429"]
[BlackElo "2384"]
[PlyCount "175"]
[EventDate "2009.09.12"]
[EventType "team-swiss"]
[EventRounds "9"]
[EventCountry "POL"]
[SourceTitle "EXT 2019"]
[Source "ChessBase"]
[SourceDate "2018.10.10"]
[SourceVersion "1"]
[SourceVersionDate "2018.10.10"]
[SourceQuality "1"]
[WhiteTeam "Znin Baszta"]
[BlackTeam "Gliwice Politechnika Slaska"]
[WhiteTeamCountry "POL"]
[BlackTeamCountry "POL"]

1. Nf3 d5 2. g3 c6 3. Bg2 Bg4 4. 0-0 Nd7 5. d4 e6 6. Nbd2 Ngf6 7. Re1 Be7 8. e4 dxe4 9. Nxe4 Nxe4 10. Rxe4 Bh5 11. c3 0-0 12. Qb3 Qb6 13. Re1 Rfe8 14. Nd2 Qxb3 15. axb3 Bd6 16. b4 a6 17. Nb3 Rab8 18. Nc5 Nxc5 19. bxc5 Bc7 20. Be3 Rbd8 21. c4 Bg6 22. b4 Bd3 23. Rec1 Re7 24. Rc3 Bg6 25. b5 axb5 26. cxb5 cxb5 27. Ra7 Bb8 28. Rxb7 Rxb7 29. Bxb7 f6 30. Rb3 Be8 31. f4 Bc7 32. f5 Kf7 33. fxe6+ Kxe6 34. Bf2 f5 35. Re3+ Kf6 36. d5 Be5 37. d6 b4 38. Bd5 Rc8 39. Re1 Ba4 40. Rb1 Bc3 41. Bb7 Rd8 42. c6 Rxd6 43. c7 Bd7 44. c8Q Bxc8 45. Bxc8 Rd2 46. Ba6 h5 47. Bc5 Bd4+ 48. Bxd4+ Rxd4 49. Be2 h4 50. Kf2 hxg3+ 51. hxg3 Kg5 52. Kf3 g6 53. Rb3 Re4 54. Rb1 Rd4 55. Ke3 Re4+ 56. Kd3 Kf6 57. Bf3 Re8 58. Rxb4 Re1 59. Rb2 Kg5 60. Rg2 f4 61. Be2 fxg3 62. Rxg3+ Kf6 63. Ke3 Ra1 64. Bd3 g5 65. Rf3+ Ke6 66. Rf5 Re1+ 67. Kd4 g4 68. Rf4 Kd6 69. Rxg4 Re6 70. Be4 Rf6 71. Rg1 Ke7 72. Bd5 Rh6 73. Ra1 Rh4+ 74. Be4 Rh5 75. Ra6 Kd7 76. Bd5 Ke7 77. Re6+ Kd7 78. Kc5 Rh2 79. Rf6 Rc2+ 80. Bc4 Ke8 81. Rf4 Ke7 82. Rf7+ Ke8 83. Ra7 Rc1 84. Kd5 Rd1+ 85. Ke5 Re1+ 86. Kd6 Kf8 87. Rf7+ Ke8 88. Rg7 1-0

[Event "POL-chT 2nd League"]
[Site "Miedzyzdroje"]
[Date "2009.09.13"]
[Round "2"]
[White "Juroszek, Tadeusz"]
[Black "Markiewicz, Jacek"]
[Result "1/2-1/2"]
[WhiteElo "2384"]
[BlackElo "2322"]
[PlyCount "82"]
[EventDate "2009.09.12"]
[EventType "team-swiss"]
[EventRounds "9"]
[EventCountry "POL"]
[SourceTitle "EXT 2019"]
[Source "ChessBase"]
[SourceDate "2018.10.10"]
[SourceVersion "1"]
[SourceVersionDate "2018.10.10"]
[SourceQuality "1"]
[WhiteTeam "Gliwice Politechnika Slaska"]
[BlackTeam "Chrzanow UKS SP 8 U19"]
[WhiteTeamCountry "POL"]
[BlackTeamCountry "POL"]

1. Nf3 Nf6 2. c4 e6 3. d4 d5 4. cxd5 exd5 5. Nc3 c6 6. Bg5 Bf5 7. Qb3 Qb6 8. Bxf6 gxf6 9. Qxb6 axb6 10. e3 b5 11. Kd2 b4 12. Ne2 b3 13. Nc3 bxa2 14. Rxa2 Rxa2 15. Nxa2 Nd7 16. Bd3 Bxd3 17. Kxd3 Bd6 18. Nc3 Nb6 19. e4 dxe4+ 20. Nxe4 Be7 21. Nh4 Kd7 22. Nf5 Ra8 23. Re1 Nd5 24. Nc3 Nb4+ 25. Kd2 Bf8 26. g4 Ra5 27. Ne4 Nd5 28. Kc2 Bb4 29. Rd1 Bf8 30. Kb1 Ra8 31. h4 Ra5 32. h5 Rb5 33. Rd3 Be7 34. Rf3 Ra5 35. Rb3 b5 36. Rf3 Ra8 37. Rd3 Rg8 38. f3 Ra8 39. Nh6 Bf8 40. Nf5 Be7 41. Rd1 Bb4 1/2-1/2

[Event "Pszczyna op"]
[Site "Pszczyna"]
[Date "2009.07.17"]
[Round "6"]
[White "Piesik, Piotr"]
[Black "Juroszek, Tadeusz"]
[Result "0-1"]
[WhiteElo "2209"]
[BlackElo "2374"]
[PlyCount "80"]
[EventDate "2009.07.14"]
[EventType "swiss"]
[EventRounds "9"]
[EventCountry "POL"]
[SourceTitle "CBM 131 Extra"]
[Source "ChessBase"]
[SourceDate "2009.09.03"]
[SourceVersion "2"]
[SourceVersionDate "2009.09.16"]
[SourceQuality "1"]

1. Nf3 d5 2. g3 c6 3. Bg2 Bg4 4. 0-0 Nd7 5. d3 e6 6. Nbd2 Bd6 7. e4 Ne7 8. Qe2 Bh5 9. Qe3 0-0 10. b3 c5 11. a4 Nc6 12. Ba3 Re8 13. c3 h6 14. d4 cxd4 15. Nxd4 Nxd4 16. Qxd4 Be5 17. Qe3 Nf6 18. Nf3 Bxf3 19. Bxf3 d4 20. Qd3 dxc3 21. Qb5 Qc7 22. Rac1 Rac8 23. Rc2 a6 24. Qe2 Qb6 25. Rb1 Rc7 26. Bg2 Rd8 27. Bc1 Rcd7 28. Be3 Qb4 29. f3 Bd4 30. Bf1 e5 31. Kg2 Bxe3 32. Qxe3 Rd2+ 33. Rxd2 Rxd2+ 34. Be2 Qd4 35. Kf2 b5 36. axb5 axb5 37. b4 c2 38. Rc1 Qxb4 39. Kf1 Nd7 40. Bd3 Qc3 0-1

[Event "POL-chT 2nd League"]
[Site "Ustron"]
[Date "2008.09.14"]
[Round "8.1"]
[White "Mista, Aleksander"]
[Black "Juroszek, Tadeusz"]
[Result "1-0"]
[WhiteElo "2539"]
[BlackElo "2397"]
[PlyCount "70"]
[EventDate "2008.09.06"]
[EventType "team-swiss"]
[EventRounds "9"]
[EventCountry "POL"]
[SourceTitle "EXT 2015"]
[Source "ChessBase"]
[SourceDate "2014.11.20"]
[SourceVersion "1"]
[SourceVersionDate "2014.11.20"]
[SourceQuality "1"]
[WhiteTeam "Ostroda Ostrodzianka"]
[BlackTeam "Gliwice Politechnika Slaska"]
[WhiteTeamCountry "POL"]
[BlackTeamCountry "POL"]

1. e4 e5 2. f4 d5 3. exd5 c6 4. Nc3 exf4 5. Nf3 Bd6 6. d4 Ne7 7. dxc6 Nbxc6 8. Bc4 0-0 9. 0-0 Bg4 10. Ne4 Bc7 11. c3 Nd5 12. Nc5 Rb8 13. Qe1 Na5 14. Bxd5 Qxd5 15. Qh4 Bxf3 16. Rxf3 Nc4 17. b3 Ne5 18. Rh3 h6 19. Qxf4 Rbc8 20. Qf5 Rfd8 21. Be3 b6 22. c4 Qc6 23. Na6 Ng6 24. d5 Qe8 25. Nxc7 Rxc7 26. Rd1 Re7 27. Bf2 Re2 28. d6 Qd7 29. Qxd7 Rxd7 30. b4 Rc2 31. c5 Nf4 32. Re3 Ne6 33. Ree1 Kf8 34. Rc1 Rxc1 35. Rxc1 Ke8 1-0

[Event "POL-chT 2nd League"]
[Site "Ustron"]
[Date "2008.09.11"]
[Round "6.13"]
[White "Juroszek, Tadeusz"]
[Black "Cichocki, Adam"]
[Result "1-0"]
[WhiteElo "2397"]
[BlackElo "2320"]
[PlyCount "77"]
[EventDate "2008.09.06"]
[EventType "team-swiss"]
[EventRounds "9"]
[EventCountry "POL"]
[SourceTitle "EXT 2015"]
[Source "ChessBase"]
[SourceDate "2014.11.20"]
[SourceVersion "1"]
[SourceVersionDate "2014.11.20"]
[SourceQuality "1"]
[WhiteTeam "Gliwice Politechnika Slaska"]
[BlackTeam "Gdanski Drapol Jantar Pruszcz"]
[WhiteTeamCountry "POL"]
[BlackTeamCountry "POL"]

1. Nf3 d5 2. c4 c6 3. e3 Nf6 4. Qc2 g6 5. b3 Bg7 6. Bb2 0-0 7. Be2 Nbd7 8. cxd5 cxd5 9. 0-0 Nb6 10. Bd4 Bf5 11. Qb2 Rc8 12. Nc3 Ne8 13. Bxg7 Nxg7 14. a4 Qd6 15. a5 Nd7 16. a6 b6 17. Qa3 Qxa3 18. Rxa3 Nf6 19. Ne5 Rfd8 20. Nb5 Ra8 21. Nc6 Rd7 22. Rc1 Nge8 23. f3 h5 24. b4 Kf8 25. Ne5 Rdd8 26. Rac3 Nd6 27. Nc7 Rac8 28. Nc6 Rxc7 29. Nxd8 Rd7 30. Nc6 Nfe8 31. Nd4 e5 32. Nb5 d4 33. exd4 Nxb5 34. Bxb5 Rxd4 35. Rc8 Bd7 36. Bxd7 Rxd7 37. Rb8 Ke7 38. Rb7 Nd6 39. Rcc7 1-0

[Event "POL-chT 2nd League"]
[Site "Ustron"]
[Date "2008.09.11"]
[Round "5.25"]
[White "Juroszek, Tadeusz"]
[Black "Moskwinski, Tadeusz"]
[Result "1-0"]
[WhiteElo "2397"]
[BlackElo "2161"]
[PlyCount "121"]
[EventDate "2008.09.06"]
[EventType "team-swiss"]
[EventRounds "9"]
[EventCountry "POL"]
[SourceTitle "EXT 2015"]
[Source "ChessBase"]
[SourceDate "2014.11.20"]
[SourceVersion "1"]
[SourceVersionDate "2014.11.20"]
[SourceQuality "1"]
[WhiteTeam "Gliwice Politechnika Slaska"]
[BlackTeam "Zielonka Zieloni OKiS"]
[WhiteTeamCountry "POL"]
[BlackTeamCountry "POL"]

1. e4 c5 2. Nf3 d6 3. c3 Nf6 4. Be2 Nbd7 5. d3 b6 6. Nbd2 Bb7 7. 0-0 Qc7 8. Re1 e5 9. d4 Be7 10. d5 0-0 11. Bd3 g6 12. c4 Rfe8 13. Nb1 Nb8 14. Nc3 Na6 15. h3 Bc8 16. a3 Bd7 17. Rb1 Nh5 18. b4 Qc8 19. Kh2 Qd8 20. Be3 Ng7 21. g4 Qc8 22. Rg1 Rf8 23. Bh6 f6 24. Nd2 Rf7 25. Nf1 Ne8 26. Ng3 Bf8 27. Be3 Bg7 28. Qd2 Qd8 29. Nb5 Qe7 30. Bc2 Bf8 31. Nc3 Kh8 32. Bd3 Nac7 33. Nce2 Rd8 34. Rgf1 Bc8 35. Kg2 Kg8 36. bxc5 dxc5 37. a4 Na6 38. a5 Nb4 39. axb6 axb6 40. Rxb4 cxb4 41. Bxb6 Rd7 42. c5 Rb7 43. Bc4 Rxb6 44. cxb6 Qd6 45. Rc1 Re7 46. Bb3 Bb7 47. Rc6 Qd7 48. Qxb4 Kg7 49. Qc3 Nd6 50. Ba4 Qd8 51. Rc7 Nc8 52. g5 fxg5 53. Qxe5+ Kg8 54. Qf6 Bg7 55. Qxg5 Qd6 56. Rxe7 Nxe7 57. Nf4 Bf6 58. Qg4 Bc8 59. Qf3 Qxb6 60. Bb3 Kg7 61. Bc4 1-0

[Event "POL-chT1"]
[Site "Chotowa"]
[Date "2007.09.11"]
[Round "9"]
[White "Juroszek, Tadeusz"]
[Black "Bobula, Mateusz"]
[Result "1-0"]
[WhiteElo "2385"]
[BlackElo "2417"]
[PlyCount "71"]
[EventDate "2007.09.03"]
[EventType "team"]
[EventRounds "9"]
[EventCountry "POL"]
[SourceTitle "EXT 2009"]
[Source "ChessBase"]
[SourceDate "2008.11.26"]
[SourceVersion "1"]
[SourceVersionDate "2008.11.26"]
[SourceQuality "1"]

1. Nf3 d5 2. c4 e6 3. g3 c5 4. Bg2 Nc6 5. cxd5 exd5 6. 0-0 Nf6 7. d4 Be7 8. dxc5 Bxc5 9. Qc2 Bb6 10. Bg5 h6 11. Bxf6 Qxf6 12. Nc3 Be6 13. Na4 Ba5 14. Nc5 Qe7 15. Nxe6 fxe6 16. e4 dxe4 17. Nh4 Qf6 18. Bxe4 0-0 19. Bh7+ Kf7 20. Bg6+ Kg8 21. Bh7+ Kf7 22. Rad1 Rfd8 23. Bg6+ Kg8 24. Bh7+ Kh8 25. Be4 Bb6 26. Ng6+ Kg8 27. Rxd8+ Rxd8 28. Kg2 Nb4 29. Qc4 Nd5 30. Qe2 Bd4 31. Rd1 Bxb2 32. Bxd5 exd5 33. Rxd5 Ba3 34. Rxd8+ Qxd8 35. Qe6+ Kh7 36. Qe4 1-0

[Event "POL-chT1"]
[Site "Chotowa"]
[Date "2007.09.10"]
[Round "8"]
[White "Wojtaszek, Radoslaw"]
[Black "Juroszek, Tadeusz"]
[Result "1/2-1/2"]
[WhiteElo "2637"]
[BlackElo "2385"]
[PlyCount "62"]
[EventDate "2007.09.03"]
[EventType "team"]
[EventRounds "9"]
[EventCountry "POL"]
[SourceTitle "EXT 2009"]
[Source "ChessBase"]
[SourceDate "2008.11.26"]
[SourceVersion "1"]
[SourceVersionDate "2008.11.26"]
[SourceQuality "1"]

1. Nf3 g6 2. c4 Bg7 3. d4 d6 4. e4 e5 5. Nc3 exd4 6. Nxd4 Ne7 7. Be3 Nbc6 8. h4 h5 9. Qd2 Ne5 10. Be2 0-0 11. Bg5 a6 12. Nd5 f6 13. Be3 c5 14. Nf3 Nxd5 15. Qxd5+ Nf7 16. Qd2 Qe8 17. Bd3 b5 18. Qc2 Bb7 19. Rh3 bxc4 20. Qxc4 Kh7 21. Kf1 Bc8 22. Rg3 Be6 23. Qc2 Ne5 24. Nxe5 fxe5 25. Bg5 Bf6 26. Bxf6 Rxf6 27. Re3 Qf7 28. b3 Rf8 29. Re2 Rf4 30. g3 Rf3 31. Kg2 g5 1/2-1/2

[Event "Pszczyna op 3rd"]
[Site "Pszczyna"]
[Date "2007.07.21"]
[Round "7"]
[White "Juroszek, Tadeusz"]
[Black "Orzechowski, Jacek"]
[Result "1-0"]
[WhiteElo "2385"]
[BlackElo "2203"]
[PlyCount "55"]
[EventDate "2007.07.17"]
[EventType "swiss"]
[EventRounds "9"]
[EventCountry "POL"]
[SourceTitle "EXT 2011"]
[Source "ChessBase"]
[SourceDate "2010.11.26"]
[SourceVersion "1"]
[SourceVersionDate "2010.11.26"]
[SourceQuality "1"]

1. c4 c5 2. Nf3 Nf6 3. Nc3 Nc6 4. e3 g6 5. b3 Bg7 6. Bb2 0-0 7. Be2 b6 8. 0-0 Bb7 9. a3 d5 10. Nxd5 Nxd5 11. Bxg7 Kxg7 12. cxd5 Qxd5 13. Qb1 a5 14. Qb2+ Kg8 15. Rfd1 e5 16. Bc4 Qd6 17. Ng5 Ne7 18. f3 Nd5 19. Rf1 Nf6 20. f4 Qc6 21. d3 exf4 22. Rxf4 Nd5 23. Rf3 f6 24. Ne4 Kg7 25. Raf1 Qe6 26. Bxd5 Bxd5 27. Rxf6 Rxf6 28. Rxf6 1-0

[Event "POL-chT 1st League"]
[Site "Opole"]
[Date "2006.09.08"]
[Round "7"]
[White "Juroszek, Tadeusz"]
[Black "Koziak, Vitali"]
[Result "1/2-1/2"]
[WhiteElo "2387"]
[BlackElo "2483"]
[PlyCount "24"]
[EventDate "2006.09.01"]
[EventType "team-tourn"]
[EventRounds "9"]
[EventCountry "POL"]
[SourceTitle "CBM 114 Extra"]
[Source "ChessBase"]
[SourceDate "2006.11.03"]
[SourceVersion "1"]
[SourceVersionDate "2006.11.03"]
[SourceQuality "1"]
[WhiteTeam "Gliwice Politechnika Slaska"]
[BlackTeam "Rzeszow Zelmer"]
[WhiteTeamCountry "POL"]
[BlackTeamCountry "POL"]

1. e4 e5 2. Nf3 Nc6 3. Bc4 Nf6 4. d3 h6 5. h3 Bc5 6. c3 0-0 7. Bb3 d6 8. Nbd2 Bb6 9. Nc4 Na5 10. Nxb6 axb6 11. Bc2 Nc6 12. 0-0 Ne7 1/2-1/2

[Event "POL-chT 1st League"]
[Site "Opole"]
[Date "2006.09.07"]
[Round "6"]
[White "Antoniewski, Rafal"]
[Black "Juroszek, Tadeusz"]
[Result "1/2-1/2"]
[WhiteElo "2509"]
[BlackElo "2387"]
[PlyCount "23"]
[EventDate "2006.09.01"]
[EventType "team-tourn"]
[EventRounds "9"]
[EventCountry "POL"]
[SourceTitle "CBM 114 Extra"]
[Source "ChessBase"]
[SourceDate "2006.11.03"]
[SourceVersion "1"]
[SourceVersionDate "2006.11.03"]
[SourceQuality "1"]
[WhiteTeam "Dankowice Pasjonat"]
[BlackTeam "Gliwice Politechnika Slaska"]
[WhiteTeamCountry "POL"]
[BlackTeamCountry "POL"]

1. e4 c5 2. Nf3 e6 3. d4 cxd4 4. Nxd4 a6 5. Nc3 b5 6. Bd3 Qb6 7. Nf3 Nc6 8. 0-0 Qb8 9. Bg5 Nge7 10. Bh4 Ng6 11. Bg3 d6 12. a4 1/2-1/2

[Event "POL-chT 1st League"]
[Site "Jarnoltowek"]
[Date "2005.09.05"]
[Round "3.25"]
[White "Juroszek, Tadeusz"]
[Black "Stoma, Pawel"]
[Result "0-1"]
[WhiteElo "2379"]
[BlackElo "2312"]
[PlyCount "86"]
[EventDate "2005.09.03"]
[EventType "team-tourn"]
[EventRounds "9"]
[EventCountry "POL"]
[SourceTitle "EXT 2019"]
[Source "ChessBase"]
[SourceDate "2018.10.10"]
[SourceVersion "1"]
[SourceVersionDate "2018.10.10"]
[SourceQuality "1"]
[WhiteTeam "Gliwice Roszada"]
[BlackTeam "Lublin Drakon SKOK Chmielewskiego"]
[WhiteTeamCountry "POL"]
[BlackTeamCountry "POL"]

1. e4 c5 2. Nc3 e6 3. g3 Nc6 4. Bg2 g6 5. Nf3 Bg7 6. d3 Nge7 7. Bg5 h6 8. Be3 Nd4 9. Qd2 d5 10. exd5 exd5 11. Bxd4 cxd4 12. Ne2 Qb6 13. 0-0 0-0 14. c3 dxc3 15. bxc3 Bd7 16. Rfb1 Qa6 17. a4 Rac8 18. Nfd4 Rc5 19. Qe3 Re8 20. Nb5 Bxb5 21. axb5 Rxb5 22. Re1 Ra5 23. Rab1 Rb5 24. Rxb5 Qxb5 25. c4 dxc4 26. dxc4 Qxc4 27. Nf4 Qd4 28. Qe2 Bf8 29. Nd5 a6 30. h4 h5 31. Kh2 b5 32. f4 Nxd5 33. Qxe8 Nf6 34. Qe2 Ng4+ 35. Kh1 Nf2+ 36. Kh2 Ng4+ 37. Kh1 b4 38. Bf3 b3 39. Bxg4 hxg4 40. Rd1 Qc3 41. Kh2 b2 42. h5 gxh5 43. f5 Qf6 0-1

[Event "POL-chT 1st League"]
[Site "Jarnoltowek"]
[Date "2005.09.04"]
[Round "2.1"]
[White "Flis, Jacek"]
[Black "Juroszek, Tadeusz"]
[Result "1/2-1/2"]
[WhiteElo "2284"]
[BlackElo "2379"]
[PlyCount "24"]
[EventDate "2005.09.03"]
[EventType "team-tourn"]
[EventRounds "9"]
[EventCountry "POL"]
[SourceTitle "EXT 2019"]
[Source "ChessBase"]
[SourceDate "2018.10.10"]
[SourceVersion "1"]
[SourceVersionDate "2018.10.10"]
[SourceQuality "1"]
[WhiteTeam "Czestochowa Hetman"]
[BlackTeam "Gliwice Roszada"]
[WhiteTeamCountry "POL"]
[BlackTeamCountry "POL"]

1. e4 g6 2. d4 Bg7 3. Nc3 d6 4. Be3 c6 5. Qd2 b5 6. Bd3 Nd7 7. f3 Nb6 8. Nge2 Nc4 9. Bxc4 bxc4 10. 0-0 Nf6 11. b4 0-0 12. Rab1 Bd7 1/2-1/2

[Event "POL-chT 1st League"]
[Site "Jarnoltowek"]
[Date "2005.09.03"]
[Round "1.25"]
[White "Sopur, Lech"]
[Black "Juroszek, Tadeusz"]
[Result "1/2-1/2"]
[WhiteElo "2395"]
[BlackElo "2379"]
[PlyCount "37"]
[EventDate "2005.09.03"]
[EventType "team-tourn"]
[EventRounds "9"]
[EventCountry "POL"]
[SourceTitle "EXT 2019"]
[Source "ChessBase"]
[SourceDate "2018.10.10"]
[SourceVersion "1"]
[SourceVersionDate "2018.10.10"]
[SourceQuality "1"]
[WhiteTeam "Lodz AZS Politechnika"]
[BlackTeam "Gliwice Roszada"]
[WhiteTeamCountry "POL"]
[BlackTeamCountry "POL"]

1. d4 d5 2. c4 dxc4 3. Nf3 c5 4. e3 cxd4 5. Bxc4 Qc7 6. Qb3 e6 7. Nxd4 a6 8. 0-0 Bd6 9. f4 Nf6 10. Nc3 0-0 11. Bd2 Bd7 12. Rae1 Nc6 13. Nxc6 Bxc6 14. e4 Rad8 15. Qc2 b5 16. Bd3 Qb7 17. Nd1 e5 18. f5 Be7 19. Nf2 1/2-1/2

[Event "POL-chT 2nd League"]
[Site "Polanica Zdroj"]
[Date "2004.09.08"]
[Round "6"]
[White "Juroszek, Tadeusz"]
[Black "Popiolek, Hubert"]
[Result "1-0"]
[WhiteElo "2368"]
[BlackElo "2184"]
[PlyCount "35"]
[EventDate "2004.09.04"]
[EventType "team-swiss"]
[EventRounds "11"]
[EventCountry "POL"]
[SourceTitle "CBM 102 Extra"]
[Source "ChessBase"]
[SourceDate "2004.11.03"]
[SourceVersion "1"]
[SourceVersionDate "2004.11.03"]
[SourceQuality "1"]
[WhiteTeam "Gliwice Roszada"]
[BlackTeam "Krakow Korona"]
[WhiteTeamCountry "POL"]
[BlackTeamCountry "POL"]

1. Nf3 c5 2. c4 Nf6 3. Nc3 d6 4. g3 b6 5. Bg2 Bb7 6. 0-0 e6 7. d4 Be7 8. d5 exd5 9. Nh4 0-0 10. Nf5 h6 11. Nxd5 Bxd5 12. Bxd5 Nxd5 13. Qxd5 Na6 14. Rd1 Re8 15. Bxh6 Nc7 16. Qf3 gxh6 17. Qg4+ Bg5 18. Rxd6 1-0

[Event "POL-chT 2nd League"]
[Site "Polanica Zdroj"]
[Date "2004.09.07"]
[Round "5"]
[White "Juroszek, Tadeusz"]
[Black "Smagalski, Jaroslaw"]
[Result "1-0"]
[WhiteElo "2368"]
[BlackElo "1933"]
[PlyCount "67"]
[EventDate "2004.09.04"]
[EventType "team-swiss"]
[EventRounds "11"]
[EventCountry "POL"]
[SourceTitle "CBM 102 Extra"]
[Source "ChessBase"]
[SourceDate "2004.11.03"]
[SourceVersion "1"]
[SourceVersionDate "2004.11.03"]
[SourceQuality "1"]
[WhiteTeam "Gliwice Roszada"]
[BlackTeam "Konin Hetman"]
[WhiteTeamCountry "POL"]
[BlackTeamCountry "POL"]

1. e4 e5 2. Nf3 Nc6 3. Nc3 Nf6 4. Be2 Bc5 5. Nxe5 Nxe5 6. d4 Bd6 7. dxe5 Bxe5 8. Bg5 h6 9. Bh4 c6 10. 0-0 0-0 11. Qd3 d5 12. exd5 g5 13. Bg3 Bxc3 14. Qxc3 Ne4 15. Qa3 Nxg3 16. Qxg3 Qxd5 17. Qc3 Bf5 18. Rae1 Rad8 19. Rd1 Qe6 20. Bc4 Qg6 21. Bb3 a6 22. Qc5 Qf6 23. Qb6 Bc8 24. c3 Kg7 25. Qc7 b5 26. Rxd8 Rxd8 27. Bxf7 Rd7 28. Qxc8 Rxf7 29. Qxc6 h5 30. Qe4 h4 31. h3 Rd7 32. Qe3 Re7 33. Qd3 Qe6 34. b3 1-0